LEADER 01415nam0-22003851i-450- 001 990005619200403321 005 20121122155502.0 035 $a000561920 035 $aFED01000561920 035 $a(Aleph)000561920FED01 035 $a000561920 100 $a19990604d1979----km-y0itay50------ba 101 0 $aita 105 $af---b---00--- 200 1 $a<>pittura$el'Accademia Clementina$eBologna, Palazzi della pdesta e di Re Enzo 8 settembre-25 novembre 1979$eX Biennale d'arte antica$el'Arte del Settecento in Emiliano$fcatalogo critico a cura di Andrea Emilani, Eugenio Riccómini 210 $aBologna$cAlfa$d1979 215 $aXLV, 337 p., 412 tav.$d21 cm 225 1 $aBiennali d'arte antica della città di Bologna 300 $aCatalogo critico della X Biennale d'Arte Antica 610 0 $aPittura$aSec. 18.$aEsposizioni$a1979 676 $a759.5 702 1$aEmiliani,$bAndrea$f<1931- > 702 1$aRiccomini,$bEugenio 702 1$aRoli,$bRenato 710 12$aBiennale d'arte antica,$d10.$f<1979 ;$eBologna, Faenza, Parma>$0401019 801 0$aIT$bUNINA$gRICA$2UNIMARC 901 $aBK 912 $a990005619200403321 952 $a759.5 MOSTRE BOLOGNA 1979$bST.ARTE 14036$fFLFBC 952 $a759.5 MOSTRE BOLOGNA 1979 (BIS)$bBibl. 59330$fFLFBC 952 $aART.FI B 195$b12995/1038$fFARBC 959 $aFLFBC 959 $aFARBC 996 $aPittura$9604395 997 $aUNINA